000 00258nam a2200097Ia 4500
001 653771
005 20250826154504.0
008 250824s9999 xx 000 0 und d
245 0 _aYAŞASIN Ç HARFİ KARDEŞLİĞİ
_cBEHİÇ AK
260 _bGÜNIŞIĞI YAYINLARI
999 _c653771
_d653771